| 000 | 00697nam a2200205 4500 | ||
|---|---|---|---|
| 003 | OSt | ||
| 005 | 20221116135439.0 | ||
| 008 | 221111b |||||||| |||| 00| 0 eng d | ||
| 040 | _cBiblioteca Lado V | ||
| 082 |
_a779 _bB588a |
||
| 110 |
_eautor _9422 _aLa Biennale de Venezia |
||
| 245 | _aA Poem about an Inland Sea/ | ||
| 260 |
_aUcrania _c2007 _bMinistry of Cultureand Tourim of Ukraine |
||
| 300 |
_a93p. _c16x23cm |
||
| 650 |
_2Tesauro de Arte & Arquitectura _aBIENAL |
||
| 650 |
_2Tesauro de Arte & Arquitectura _aEXHIBICION |
||
| 650 |
_2Tesauro de Arte & Arquitectura _aARTE |
||
| 650 |
_2Tesauro de Arte & Arquitectura _aCULTURA |
||
| 942 |
_2ddc _c1 _h779 _iB588a _n0 |
||
| 999 |
_c2637 _d2637 |
||